[Event "CYCC U16"]
[Site "Calgary CAN"]
[Date "2023.07.22"]
[Round "7.16"]
[White "Xu, Daniel"]
[Black "Lin, Leo"]
[Result "1-0"]
[WhiteElo "2377"]
[BlackElo "2212"]
[PlyCount "85"]
[EventDate "2023.07.19"]
[EventType "swiss"]
[EventRounds "7"]
[EventCountry "CAN"]

1. e4 c5 2. Nf3 d6 3. d4 cxd4 4. Nxd4 Nf6 5. Nc3 a6 6. f3 e5 7. Nb3 Be6 8. Be3
Be7 9. Qd2 h5 10. Nd5 Nxd5 11. exd5 Bf5 12. Be2 a5 13. a4 Nd7 14. O-O O-O 15.
c4 Nf6 16. Rfd1 b6 17. Nc1 Re8 18. b4 e4 19. bxa5 bxa5 20. Nb3 exf3 21. gxf3
Nh7 22. Nd4 Bd7 23. Kh1 Bf6 24. Bf1 Ng5 25. Ra3 Nh7 26. Nb5 Bf5 27. c5 dxc5 28.
d6 Rb8 29. Bxc5 Bd7 30. Bc4 Re5 31. Ba7 Rc8 32. Bd5 Kf8 33. Nc7 Rxc7 34. dxc7
Qxc7 35. Bf2 Bg5 36. Qd4 Re2 37. Bg3 Qc2 38. Ra2 Qxa2 39. Bxa2 Bh3 40. f4 Be7
41. Qc4 Bg2+ 42. Kg1 Bf3 43. Qxf7# 1-0

[Event "CYCC U16"]
[Site "Calgary CAN"]
[Date "2023.07.22"]
[Round "7.17"]
[White "Song, Ethan"]
[Black "Huang, Youhe"]
[Result "0-1"]
[WhiteElo "2255"]
[BlackElo "2285"]
[PlyCount "70"]
[EventDate "2023.07.19"]
[EventType "swiss"]
[EventRounds "7"]
[EventCountry "CAN"]

1. e4 c5 2. Nf3 Nc6 3. Bb5 e6 4. Nc3 Nge7 5. O-O Nd4 6. Nxd4 cxd4 7. Ne2 Qb6 8.
Ba4 Nc6 9. d3 Be7 10. Ng3 Qa5 11. Bb3 h5 12. h3 d6 13. Bd2 Qc5 14. Rc1 h4 15.
Ne2 Qh5 16. c3 dxc3 17. Bxc3 O-O 18. d4 Bd7 19. Qd3 Na5 20. g4 Qb5 21. Bc2 Rac8
22. Rfe1 Qb6 23. e5 g6 24. exd6 Bg5 25. f4 Bb5 26. Qf3 Bf6 27. Rcd1 Nc4 28. f5
Bg5 29. fxe6 Bc6 30. Ba5 Qxa5 31. d5 fxe6 32. d7 Rcd8 33. Qe4 Be3+ 34. Kh2 Rf2+
35. Kh1 Bxd5 0-1

[Event "CYCC U16"]
[Site "Calgary CAN"]
[Date "2023.07.22"]
[Round "7.18"]
[White "Zhu, Matthew"]
[Black "Srinivasan, Hemant"]
[Result "1-0"]
[WhiteElo "2200"]
[BlackElo "2000"]
[PlyCount "113"]
[EventDate "2023.07.19"]
[EventType "swiss"]
[EventRounds "7"]
[EventCountry "CAN"]

1. e4 c6 2. d4 d5 3. Nd2 dxe4 4. Nxe4 Nf6 5. Nxf6+ exf6 6. c3 Bd6 7. Bd3 O-O 8.
Qc2 Re8+ 9. Ne2 h5 10. O-O h4 11. h3 Nd7 12. Be3 Nf8 13. Rad1 Bd7 14. c4 Rc8
15. Qb3 b5 16. Nc3 Bb8 17. d5 Bxh3 18. c5 Bg4 19. Rd2 h3 20. d6 Qd7 21. g3 h2+
22. Kxh2 Re5 23. Be4 Rh5+ 24. Kg1 Re8 25. Bg2 Bh3 26. Qd1 Bxg2 27. Qxh5 Re5 28.
Qxe5 Qh3 29. Qh5 Qxh5 30. Kxg2 Nd7 31. Nxb5 f5 32. Nd4 f4 33. Bxf4 Qxc5 34. Nf3
f6 35. Re1 g5 36. Re8+ Kg7 37. Re7+ Kh6 38. Rxd7 gxf4 39. Rd8 Qb6 40. Rh8+ Kg7
41. d7 Bc7 42. d8=Q Bxd8 43. Rhxd8 fxg3 44. Kxg3 Qc7+ 45. Kg2 Qf4 46. R2d4 Qh6
47. Rg4+ Kf7 48. Rd7+ Ke6 49. Rxa7 Qh5 50. Rgg7 c5 51. Rae7+ Kd6 52. Rd7+ Kc6
53. Rdf7 Qf5 54. a4 Kb6 55. Ra7 Qc2 56. a5+ Kc6 57. b4 1-0

[Event "CYCC U16"]
[Site "Calgary CAN"]
[Date "2023.07.22"]
[Round "7.20"]
[White "Hambardzumyan, Narek"]
[Black "Sharma, Vishruth"]
[Result "0-1"]
[WhiteElo "1221"]
[BlackElo "2198"]
[PlyCount "132"]
[EventDate "2023.07.19"]
[EventType "swiss"]
[EventRounds "7"]
[EventCountry "CAN"]

1. e4 e5 2. Nf3 Nc6 3. Bc4 Nf6 4. Ng5 d5 5. exd5 Nd4 6. c3 b5 7. Bf1 Nxd5 8.
cxd4 Qxg5 9. Bxb5+ Kd8 10. O-O Bb7 11. Qf3 Rb8 12. dxe5 Ne3 13. Qh3 Qxg2+ 14.
Qxg2 Nxg2 15. d4 Be7 16. Be2 Nh4 17. f3 Kc8 18. Nc3 Rd8 19. d5 Bxd5 20. Nxd5
Rxd5 21. f4 Bc5+ 22. Kh1 Rb4 23. Rd1 Rxd1+ 24. Bxd1 Ng6 25. a3 Re4 26. Bg4+ Kb8
27. Bd2 Nxe5 28. Bf5 Re2 29. Re1 Rxe1+ 30. Bxe1 Ng6 31. Bxg6 hxg6 32. Bc3 f6
33. Kg2 Kc8 34. Kf3 Kd7 35. h3 Ke6 36. Ke4 Be7 37. Bd2 f5+ 38. Kd3 Kd5 39. Be3
a6 40. a4 c6 41. b3 Bd6 42. Bd2 Bc7 43. Ke3 Bb6+ 44. Kd3 Bd4 45. Be1 g5 46.
fxg5 f4 47. Ke2 Ke4 48. Bh4 g6 49. Kf1 f3 50. Ke1 Kf4 51. Kf1 Bc5 52. Ke1 Be7
53. Kf2 Ke4 54. Ke1 Bb4+ 55. Kf2 Bc5+ 56. Ke1 Kd3 57. Bg3 Kc3 58. Bf2 Bd6 59.
a5 Kxb3 60. h4 Kb4 61. Bb6 Bg3+ 62. Bf2 Be5 63. Bb6 c5 64. Kf1 c4 65. Ke1 Bf4
66. Kd1 Kb3 0-1

[Event "CYCC U16"]
[Site "Calgary CAN"]
[Date "2023.07.22"]
[Round "7.21"]
[White "Ajith, Aayush"]
[Black "He, Matthew"]
[Result "1-0"]
[WhiteElo "2139"]
[BlackElo "2140"]
[PlyCount "123"]
[EventDate "2023.07.19"]
[EventType "swiss"]
[EventRounds "7"]
[EventCountry "CAN"]

1. d4 d5 2. c4 e6 3. Nc3 Bb4 4. cxd5 exd5 5. Nf3 Nf6 6. Qc2 c6 7. Bg5 h6 8. Bh4
g5 9. Bg3 Ne4 10. Nd2 Bf5 11. Ndxe4 Bxe4 12. Qb3 Qe7 13. h4 g4 14. O-O-O Bxc3
15. Qxc3 Nd7 16. f3 Bh7 17. e4 O-O 18. e5 c5 19. Bd3 f5 20. fxg4 f4 21. Bf2
cxd4 22. Qxd4 Rac8+ 23. Kb1 Bxd3+ 24. Qxd3 Qxe5 25. Qg6+ Qg7 26. Qxg7+ Kxg7 27.
Rxd5 Nf6 28. Bd4 Rcd8 29. Bxf6+ Kxf6 30. Rf5+ Kg6 31. Rxf8 Rxf8 32. Rd1 Re8 33.
Rd6+ Kg7 34. Kc2 Re2+ 35. Rd2 Re3 36. Rf2 Rg3 37. Rxf4 Rxg2+ 38. Kc3 Kg6 39. a4
a5 40. b4 Rg3+ 41. Kc4 axb4 42. Kxb4 h5 43. gxh5+ Kxh5 44. Kb5 Ra3 45. Rb4 Rf3
46. Kb6 Rf7 47. a5 Rg7 48. Rc4 Rf7 49. Rc7 Rf1 50. Kxb7 Rb1+ 51. Ka7 Kxh4 52.
a6 Ra1 53. Rg7 Kh5 54. Kb7 Kh6 55. Rc7 Rb1+ 56. Kc8 Ra1 57. a7 Kg6 58. Kb8 Rb1+
59. Rb7 Rh1 60. a8=Q Rh8+ 61. Ka7 Rxa8+ 62. Kxa8 1-0

[Event "CYCC U16"]
[Site "Calgary CAN"]
[Date "2023.07.22"]
[Round "7.22"]
[White "Su, Ethan"]
[Black "Berube, Maximilien"]
[Result "0-1"]
[WhiteElo "2071"]
[BlackElo "1832"]
[PlyCount "220"]
[EventDate "2023.07.19"]
[EventType "swiss"]
[EventRounds "7"]
[EventCountry "CAN"]

1. d4 Nf6 2. c4 e6 3. g3 d5 4. Bg2 Bb4+ 5. Nd2 O-O 6. Ngf3 dxc4 7. Qc2 b5 8. a4
c6 9. axb5 cxb5 10. Ng5 h6 11. Bxa8 hxg5 12. O-O Qxd4 13. Nf3 Qd7 14. Rd1 Qc7
15. Nxg5 a5 16. Bg2 Nbd7 17. Bf4 e5 18. Bd2 Nc5 19. Bxb4 axb4 20. Ne4 Nfxe4 21.
Bxe4 b3 22. Qb1 Be6 23. Bf5 Rb8 24. Bxe6 Nxe6 25. Ra6 b4 26. Rdd6 Qc5 27. Rac6
Qb5 28. Qc1 Nd4 29. Rxd4 Qxc6 30. Rxc4 Qd5 31. Rc8+ Rxc8 32. Qxc8+ Kh7 33. Qf5+
g6 34. Qd3 Qe6 35. f3 Kg7 36. Kg2 Kh7 37. e4 Kg7 38. Kf2 Qb6+ 39. Kf1 Qc5 40.
Qxb3 Qd4 41. Qc2 Qe3 42. Qe2 Qc1+ 43. Kf2 Qc5+ 44. Kf1 Qc1+ 45. Kf2 Qc5+ 46.
Kg2 b3 47. f4 Qc2 48. Kf3 exf4 49. gxf4 Qc1 50. Qf2 Qc4 51. Qd2 Kh7 52. Ke3 Kg8
53. Qd8+ Kh7 54. Qd2 Kg8 55. e5 Kh7 56. Qd3 Qc1+ 57. Qd2 Qc4 58. Kf3 Kg7 59. h3
Kh7 60. Qf2 Kg8 61. Kg4 Kg7 62. Qe3 Qc2 63. Qd4 Kh6 64. Kf3 Kh7 65. Kg3 Kg8 66.
Qd8+ Kh7 67. Qh4+ Kg8 68. Qd8+ Kh7 69. Qd4 Kg8 70. h4 Kh7 71. Qf2 Kg7 72. Kf3
Qd3+ 73. Qe3 Qc2 74. Qe2 Kh7 75. Ke3 Qc5+ 76. Kd3 Qb5+ 77. Kd2 Qb4+ 78. Ke3
Qc5+ 79. Kf3 Qc2 80. Kf2 Qc5+ 81. Kf1 Qc2 82. Qf2 Qd1+ 83. Kg2 Qc2 84. Kg3 Qd3+
85. Kg4 Qf5+ 86. Kf3 Qd3+ 87. Qe3 Qf1+ 88. Ke4 Qb1+ 89. Qd3 Qxb2 90. f5 Qg2+
91. Kd4 Qb2+ 92. Ke4 Qg2+ 93. Kd4 Qg4+ 94. Kc5 Qxf5 95. Qxb3 Qxe5+ 96. Kc6 Kg7
97. Qb4 Qe6+ 98. Kb5 Qd5+ 99. Ka4 Qd7+ 100. Kb3 f5 101. Qc3+ Kh7 102. Qf6 Qg7
103. Qg5 Qf7+ 104. Kc2 f4 105. Kd2 f3 106. Ke1 Qe6+ 107. Kf2 Qe2+ 108. Kg3 Qg2+
109. Kf4 Qxg5+ 110. hxg5 f2 0-1

[Event "CYCC U16"]
[Site "Calgary CAN"]
[Date "2023.07.22"]
[Round "7.23"]
[White "Xu, Andrew"]
[Black "Rao, Atharva"]
[Result "1-0"]
[WhiteElo "1965"]
[BlackElo "1585"]
[PlyCount "90"]
[EventDate "2023.07.19"]
[EventType "swiss"]
[EventRounds "7"]
[EventCountry "CAN"]

1. e4 c5 2. Nf3 d6 3. Bb5+ Nc6 4. c4 e5 5. Nc3 Nf6 6. d3 h6 7. h3 Be7 8. Nh2
O-O 9. O-O Nd4 10. f4 exf4 11. Bxf4 Be6 12. Nf3 Nxb5 13. Nxb5 a6 14. Nc3 Nd7
15. Qe1 Ne5 16. Rd1 Nxf3+ 17. Rxf3 Bg5 18. Bxg5 Qxg5 19. Qf2 Qe7 20. b3 Kh8 21.
Rf1 f6 22. Ne2 Bf7 23. Qh4 Kh7 24. Qf2 Bh5 25. g4 Bf7 26. Ng3 Be6 27. Nf5 Bxf5
28. gxf5 Rf7 29. Rg3 Rg8 30. Rg6 Qe5 31. Kh1 Qe8 32. Rfg1 Qf8 33. Qg3 Qd8 34.
Qg2 Qf8 35. Qg4 Qd8 36. Qf3 Qf8 37. Qh5 Qe8 38. Qe2 Qe5 39. Qg2 Qe8 40. Qg3 Qd8
41. Rg4 Rd7 42. Qe3 Qe8 43. Qg3 Qe5 44. Qg2 Qd4 45. Rg6 Rdd8 1-0

[Event "CYCC U16"]
[Site "Calgary CAN"]
[Date "2023.07.22"]
[Round "7.24"]
[White "Chen, Matthew"]
[Black "Chhatralia, Bhavik"]
[Result "0-1"]
[WhiteElo "1422"]
[BlackElo "1663"]
[PlyCount "88"]
[EventDate "2023.07.19"]
[EventType "swiss"]
[EventRounds "7"]
[EventCountry "CAN"]

1. e4 e5 2. Nf3 Nc6 3. Bc4 Bc5 4. d3 Nf6 5. Bg5 d6 6. Nc3 Be6 7. Nd5 Bxd5 8.
Bxd5 h6 9. Bxf6 Qxf6 10. c3 O-O 11. O-O Rfe8 12. Bxc6 bxc6 13. Qa4 d5 14. d4
Bd6 15. Qxc6 exd4 16. exd5 Qf4 17. Rae1 Kf8 18. c4 g5 19. c5 g4 20. cxd6 gxf3
21. Rxe8+ Rxe8 22. d7 Rd8 23. Re1 Kg7 24. Re8 Qg4 25. Kf1 fxg2+ 26. Kg1 Rxd7
27. Qc5 Rd6 28. Re1 h5 29. Qxa7 Rxd5 30. Qxc7 h4 31. Re5 h3 32. Re1 d3 33. Qc3+
Kh7 34. Qd2 Qd4 35. Re3 Re5 36. Rxh3+ Kg8 37. Rg3+ Kf8 38. Qxd3 Qxb2 39. Qd8+
Re8 40. Qd6+ Re7 41. Re3 Qb1+ 42. Kxg2 Qb7+ 43. f3 Qb2+ 44. Kf1 Qc1+ 0-1

[Event "CYCC U16"]
[Site "Calgary CAN"]
[Date "2023.07.22"]
[Round "7.25"]
[White "Dossa, Andre"]
[Black "Prasanna, Shreyas"]
[Result "1-0"]
[WhiteElo "1050"]
[BlackElo "174"]
[PlyCount "53"]
[EventDate "2023.07.19"]
[EventType "swiss"]
[EventRounds "7"]
[EventCountry "CAN"]

1. e4 e6 2. Nf3 d5 3. Nc3 d4 4. Ne2 c5 5. c3 Nc6 6. cxd4 cxd4 7. Qa4 Bc5 8. b4
Bb6 9. b5 Nce7 10. Nexd4 e5 11. Ne2 Ng6 12. Ng3 Nf6 13. Bc4 O-O 14. O-O h5 15.
Ba3 Ne7 16. Nxe5 Bd4 17. Nxf7 Rxf7 18. Bxe7 Qxe7 19. Bxf7+ Kxf7 20. Qxd4 Be6
21. e5 Ng4 22. h3 Nh6 23. f4 Rd8 24. Qf2 g6 25. f5 gxf5 26. Qf4 Kg6 27. Ne2 1-0

[Event "CYCC U16"]
[Site "Calgary CAN"]
[Date "2023.07.22"]
[Round "7.26"]
[White "Yang, Ernst"]
[Black "Offengenden, Ron"]
[Result "0-1"]
[WhiteElo "1220"]
[BlackElo "1812"]
[PlyCount "70"]
[EventDate "2023.07.19"]
[EventType "swiss"]
[EventRounds "7"]
[EventCountry "CAN"]

1. e4 e5 2. Nc3 Nf6 3. f4 d5 4. fxe5 Nxe4 5. Qf3 Nxc3 6. bxc3 c5 7. Qg3 a6 8.
Nf3 Nc6 9. Be2 Be6 10. Rb1 Qc7 11. O-O O-O-O 12. d4 c4 13. Ng5 h6 14. Nxf7 Bxf7
15. Bg4+ Kb8 16. Qf2 Bg6 17. Bf4 Ka8 18. Bf3 Be7 19. Qe2 Qa5 20. Qd2 Rhf8 21.
g3 Bf5 22. Ra1 Rf7 23. a4 Bg5 24. Bxg5 hxg5 25. Ra3 Rdf8 26. Rb1 Bh3 27. Bg2
Nxe5 28. Qe2 Bxg2 29. Kxg2 Rf2+ 30. Qxf2 Rxf2+ 31. Kxf2 Qc7 32. Re1 Qf7+ 33.
Kg2 Qf3+ 34. Kg1 Ng4 35. Rf1 Qe2 0-1

[Event "CYCC U16"]
[Site "Calgary CAN"]
[Date "2023.07.22"]
[Round "7.27"]
[White "Srinivas, Atharva"]
[Black "Valavan, Aaryan"]
[Result "0-1"]
[WhiteElo "1791"]
[BlackElo "1157"]
[PlyCount "45"]
[EventDate "2023.07.19"]
[EventType "swiss"]
[EventRounds "7"]
[EventCountry "CAN"]

1. e4 g6 2. Nc3 Bg7 3. f4 d6 4. Nf3 c5 5. Bb5+ Bd7 6. Bxd7+ Qxd7 7. d3 Nc6 8.
O-O Nf6 9. a3 e6 10. Re1 O-O 11. Ne2 Nh5 12. g4 Nf6 13. h3 Nd4 14. Nexd4 cxd4
15. Nxd4 Nxg4 16. Nxe6 Nf2 17. Kxf2 fxe6 18. Kg2 e5 19. fxe5 Bxe5 20. c3 Qe7
21. d4 Qh4 22. Re3 Qf2+ 23. Kh1 0-1

[Event "CYCC U16"]
[Site "Calgary CAN"]
[Date "2023.07.22"]
[Round "7.28"]
[White "Zhang, James"]
[Black "Mu, Shaunavon"]
[Result "0-1"]
[WhiteElo "1742"]
[BlackElo "1033"]
[PlyCount "122"]
[EventDate "2023.07.19"]
[EventType "swiss"]
[EventRounds "7"]
[EventCountry "CAN"]

1. e4 e6 2. d4 d5 3. e5 c5 4. c3 Nc6 5. Nf3 Qb6 6. Bd3 cxd4 7. cxd4 Bd7 8. Bc2
Rc8 9. Nc3 Nb4 10. Ba4 Bxa4 11. Qxa4+ Nc6 12. O-O Nge7 13. Qb5 Qxb5 14. Nxb5
Ng6 15. Bd2 a6 16. Nc3 Be7 17. Rac1 b5 18. Ne2 O-O 19. a3 f6 20. exf6 Bxf6 21.
Rc2 Nce7 22. Rfc1 Rxc2 23. Rxc2 Rc8 24. Rxc8+ Nxc8 25. Nf4 Kf7 26. Nd3 Nd6 27.
Nc5 Nf5 28. Bc3 a5 29. b4 a4 30. Na6 Nd6 31. Nd2 Ne7 32. Nb8 Nec8 33. Nc6 Ke8
34. f4 g5 35. g3 gxf4 36. gxf4 Ne7 37. Ne5 Ng6 38. Nd3 Nf5 39. Nf3 Ne3 40. Bd2
Nc2 41. Bc1 Nxd4 42. Kf2 Nb3 43. Bb2 Bxb2 44. Nxb2 Nxf4 45. Ke3 Ng6 46. Ng5 Nf8
47. Nd3 h6 48. Nf3 Ng6 49. Nd4 Nxd4 50. Kxd4 Kd7 51. Kc5 e5 52. Kxd5 Nf4+ 53.
Nxf4 exf4 54. Ke4 Kd6 55. Kxf4 Kd5 56. h4 Kc4 57. Kf5 Kb3 58. Kg6 Kxa3 59. Kxh6
Kxb4 60. Kg6 a3 61. h5 a2 0-1

[Event "CYCC U16"]
[Site "Calgary CAN"]
[Date "2023.07.22"]
[Round "7.29"]
[White "Wang, Patrick"]
[Black "Cheng, Adrien"]
[Result "1-0"]
[WhiteElo "903"]
[BlackElo "1601"]
[PlyCount "85"]
[EventDate "2023.07.19"]
[EventType "swiss"]
[EventRounds "7"]
[EventCountry "CAN"]

1. e4 e5 2. Nf3 Nc6 3. c3 Nf6 4. d4 exd4 5. e5 Nd5 6. Bc4 Nb6 7. Bb3 d5 8. cxd4
h6 9. h3 Be6 10. Nc3 Bb4 11. Be3 Qd7 12. Rc1 a5 13. a3 Bxc3+ 14. Rxc3 a4 15.
Ba2 Na5 16. Qc1 c6 17. Nd2 Nac4 18. f4 Nxe3 19. Rxe3 g5 20. O-O gxf4 21. Rxf4
Qe7 22. Rg3 h5 23. h4 O-O-O 24. Nf3 Rdg8 25. Rxg8+ Rxg8 26. Ng5 Rf8 27. Qd1 Bg4
28. Qf1 Be6 29. Bb1 Nd7 30. Bc2 b5 31. Bd1 Bg4 32. Bxg4 hxg4 33. Rxf7 Rxf7 34.
Qxf7 Qxf7 35. Nxf7 Nf8 36. Kf2 Kd7 37. Ng5 c5 38. dxc5 Ng6 39. e6+ Ke7 40. h5
Ne5 41. h6 Kf6 42. h7 Ng6 43. c6 1-0

[Event "CYCC U16"]
[Site "Calgary CAN"]
[Date "2023.07.22"]
[Round "7.34"]
[White "Gao, Sean"]
[Black "Yang, Vincent"]
[Result "1/2-1/2"]
[WhiteElo "1172"]
[BlackElo "1670"]
[PlyCount "63"]
[EventDate "2023.07.19"]
[EventType "swiss"]
[EventRounds "7"]
[EventCountry "CAN"]

1. e4 c6 2. d4 d5 3. exd5 cxd5 4. Bf4 Nc6 5. Nc3 a6 6. h3 Nf6 7. Nf3 Bf5 8. Bd3
Bg6 9. a3 e6 10. O-O Bd6 11. Bxd6 Qxd6 12. Re1 O-O 13. Bxg6 hxg6 14. Ne5 Rac8
15. Na4 b5 16. Nxc6 Rxc6 17. Nc5 Nd7 18. b4 Ra8 19. Qd3 Nb6 20. a4 bxa4 21. c3
Nc4 22. Nxa4 Rcc8 23. Ra2 Qc7 24. Nc5 a5 25. Rea1 Rcb8 26. Nb3 a4 27. Nd2 Nb6
28. Qg3 Qc6 29. h4 Rc8 30. Ra3 Qd7 31. Qe5 f6 32. Qg3 1/2-1/2

[Event "CYCC U16"]
[Site "Calgary CAN"]
[Date "2023.07.22"]
[Round "7.36"]
[White "Ber, Sava"]
[Black "Wambo-Becker, Gaddiel"]
[Result "0-1"]
[WhiteElo "1179"]
[BlackElo "955"]
[PlyCount "76"]
[EventDate "2023.07.19"]
[EventType "swiss"]
[EventRounds "7"]
[EventCountry "CAN"]

1. c4 e5 2. Nc3 Nc6 3. g3 Nf6 4. Bg2 Bc5 5. e3 d6 6. Nge2 O-O 7. O-O Rb8 8. d4
Bb6 9. a3 a6 10. b4 exd4 11. exd4 Bf5 12. d5 Ne5 13. Bg5 Nxc4 14. Ne4 Bxe4 15.
Bxf6 Qxf6 16. Bxe4 Ne5 17. Qc2 g6 18. Kg2 Rfe8 19. f4 Ng4 20. Qc3 Rxe4 21. Qxf6
Nxf6 22. Nc3 Rc4 23. Rac1 Bd4 24. Ne4 Rxc1 25. Nxf6+ Bxf6 26. Rxc1 Bb2 27. Rxc7
Bxa3 28. Rc4 Kf8 29. Kh3 Ke7 30. Kg4 h6 31. h4 Kd7 32. f5 Re8 33. Rf4 g5 34.
Rf3 Bxb4 35. hxg5 Rg8 36. Rb3 a5 37. Kh5 Rxg5+ 38. Kxh6 Rxf5 0-1

[Event "CYCC U16"]
[Site "Calgary CAN"]
[Date "2023.07.22"]
[Round "7.38"]
[White "Hamboyan, Vartan"]
[Black "Sura, Aditya"]
[Result "1-0"]
[WhiteElo "1319"]
[BlackElo "1096"]
[PlyCount "43"]
[EventDate "2023.07.19"]
[EventType "swiss"]
[EventRounds "7"]
[EventCountry "CAN"]

1. e4 e6 2. d4 d5 3. exd5 exd5 4. Bd3 Nf6 5. c3 Be7 6. Bf4 O-O 7. Nf3 Bg4 8.
Nbd2 c5 9. O-O Nc6 10. Qc2 h6 11. Ne5 Nxe5 12. dxe5 Nh5 13. Bg3 Nxg3 14. hxg3
Qb6 15. Kh1 c4 16. Bf5 Bxf5 17. Qxf5 Qxb2 18. Nf3 Rfd8 19. e6 fxe6 20. Qxe6+
Kf8 21. Ne5 Qxa1 22. Qf7# 1-0

[Event "CYCC U16"]
[Site "Calgary CAN"]
[Date "2023.07.22"]
[Round "7.39"]
[White "Emritte, Rayyan"]
[Black "Yim, Warren"]
[Result "1/2-1/2"]
[WhiteElo "1029"]
[BlackElo "739"]
[PlyCount "57"]
[EventDate "2023.07.19"]
[EventType "swiss"]
[EventRounds "7"]
[EventCountry "CAN"]

1. e4 e5 2. Nc3 Nf6 3. f4 exf4 4. e5 Ng8 5. Nf3 d6 6. exd6 Bxd6 7. d4 Nf6 8.
Nb5 Nc6 9. Nxd6+ Qxd6 10. Bb5 O-O 11. O-O Bg4 12. Bxc6 bxc6 13. h3 Bh5 14. c4
c5 15. dxc5 Qxc5+ 16. Qd4 Qxd4+ 17. Nxd4 c5 18. Nf3 Bxf3 19. Rxf3 g5 20. h4 h6
21. Bd2 Ne4 22. Be1 Rfd8 23. Rc1 Rab8 24. Rc2 Rd1 25. Rf1 Ng3 26. Bxg3 Rxf1+
27. Kxf1 fxg3 28. hxg5 hxg5 29. b3 1/2-1/2

[Event "CYCC U16 w"]
[Site "Calgary CAN"]
[Date "2023.07.19"]
[Round "1.43"]
[White "Gokhale, Tanishka"]
[Black "Ruchinskaya, Valerie"]
[Result "0-1"]
[WhiteElo "1543"]
[BlackElo "2068"]
[PlyCount "84"]
[EventDate "2023.07.19"]
[EventType "swiss"]
[EventRounds "7"]
[EventCountry "CAN"]

1. e4 e6 2. d4 d5 3. Nd2 Nf6 4. e5 Nfd7 5. Ngf3 c5 6. c3 Nc6 7. Be2 cxd4 8.
cxd4 Qb6 9. Nb3 a5 10. a4 Bb4+ 11. Bd2 Bxd2+ 12. Nbxd2 Nxd4 13. Nxd4 Qxd4 14.
Nf3 Qxd1+ 15. Rxd1 Nc5 16. Ra1 Bd7 17. O-O Nxa4 18. b3 Nb6 19. Rfc1 Ke7 20. Rc7
Rhb8 21. Nd4 Kd8 22. Rac1 Rc8 23. Rxc8+ Rxc8 24. Rxc8+ Nxc8 25. f4 Kc7 26. g4
Ne7 27. Bd3 Ng6 28. f5 Nxe5 29. fxe6 fxe6 30. Bxh7 Nxg4 31. Nf3 Kd6 32. h3 Nf6
33. Bc2 e5 34. Kf2 Bxh3 35. Ng5 Be6 36. Ke3 b5 37. Bd3 d4+ 38. Ke2 b4 39. Bc2
e4 40. Nxe4+ Nxe4 41. Bxe4 Bxb3 42. Kd2 a4 0-1

[Event "CYCC U16 w"]
[Site "Calgary CAN"]
[Date "2023.07.19"]
[Round "1.44"]
[White "Mok, Gillian"]
[Black "Surya, Dania"]
[Result "0-1"]
[WhiteElo "1999"]
[BlackElo "1491"]
[PlyCount "62"]
[EventDate "2023.07.19"]
[EventType "swiss"]
[EventRounds "7"]
[EventCountry "CAN"]

1. e4 d5 2. exd5 Qxd5 3. Nf3 Bg4 4. Be2 Nf6 5. d4 Nc6 6. O-O O-O-O 7. c4 Qd7 8.
d5 Bxf3 9. Bxf3 Ne5 10. Na3 e6 11. Bf4 Nxf3+ 12. Qxf3 exd5 13. Nb5 dxc4 14.
Nxa7+ Kb8 15. Rad1 Bd6 16. Bxd6 cxd6 17. Qe3 Qa4 18. Qg5 Qxa7 19. Qxg7 Ne4 20.
Qg4 Rhe8 21. Qf5 Qc5 22. Rd5 Qc7 23. Rd4 Nc5 24. Rxc4 Qe7 25. Qc2 Qe2 26. Qc3
Ne4 27. Rxe4 Qxe4 28. g3 d5 29. Rc1 Rc8 30. Qd2 Rxc1+ 31. Qxc1 Qe1+ 0-1

[Event "CYCC U16 w"]
[Site "Calgary CAN"]
[Date "2023.07.19"]
[Round "1.45"]
[White "Lin, Angela"]
[Black "Zhong, April"]
[Result "0-1"]
[WhiteElo "1459"]
[BlackElo "1938"]
[PlyCount "72"]
[EventDate "2023.07.19"]
[EventType "swiss"]
[EventRounds "7"]
[EventCountry "CAN"]

1. d4 d5 2. Bf4 Nf6 3. Nf3 e6 4. e3 c5 5. c3 Nc6 6. Bd3 Bd6 7. Ne5 Bxe5 8. Bxe5
Nxe5 9. dxe5 Nd7 10. Qg4 O-O 11. f4 Qb6 12. Qh4 f5 13. Qf2 c4 14. Bf1 Nc5 15.
Na3 Bd7 16. Rb1 Ne4 17. Qe2 Qc5 18. Qc2 b5 19. Qc1 b4 20. cxb4 Qxb4+ 21. Ke2
Rab8 22. g3 Ba4 23. Bg2 Nc5 24. Qc3 a5 25. Kd2 Nd3 26. Qxb4 axb4 27. Nc2 b3 28.
axb3 Bxb3 29. Nd4 Rb6 30. Bf1 Nf2 31. Rg1 Ba2 32. Ra1 Rxb2+ 33. Kc3 Rfb8 34.
Nxe6 Ne4+ 35. Kd4 Rd2+ 36. Bd3 Rxd3# 0-1

[Event "CYCC U16 w"]
[Site "Calgary CAN"]
[Date "2023.07.19"]
[Round "1.46"]
[White "Sreekumar, Gauri"]
[Black "Jain, Ankita"]
[Result "0-1"]
[WhiteElo "1633"]
[BlackElo "1467"]
[PlyCount "150"]
[EventDate "2023.07.19"]
[EventType "swiss"]
[EventRounds "7"]
[EventCountry "CAN"]

1. d4 Nf6 2. c4 e6 3. g3 Be7 4. Bg2 d5 5. Nf3 O-O 6. O-O b6 7. cxd5 exd5 8. Bg5
h6 9. Bxf6 Bxf6 10. Nc3 Bb7 11. Rc1 Re8 12. Qb3 c6 13. Rfe1 Na6 14. Nd1 Qd7 15.
Nc3 Rad8 16. Rcd1 Nc7 17. e4 dxe4 18. Nxe4 Qd5 19. Nxf6+ gxf6 20. Qc2 Qd7 21.
Nh4 Nb5 22. Rxe8+ Rxe8 23. Nf5 Nd6 24. Nxd6 Qxd6 25. Be4 Qe6 26. f3 Qxa2 27.
Rd2 Ba6 28. Rd1 Bb7 29. Qd2 Qa4 30. Re1 Kg7 31. Re2 Rd8 32. Qf4 Qxd4+ 33. Kg2
Bc8 34. Bxc6 Qd3 35. Qe3 Qd6 36. Be4 Qd7 37. g4 Ba6 38. Rc2 Qd1 39. Qf2 Rd6 40.
h4 Bc8 41. Qf1 Qd4 42. Qf2 Qd1 43. Qf1 Rd2+ 44. Rxd2 Qxd2+ 45. Qf2 Qb4 46. Qc2
Be6 47. Bc6 a5 48. Qf2 b5 49. Qe2 Bc4 50. Qc2 Qc5 51. Be4 Qe3 52. Qf2 Qc1 53.
h5 a4 54. Bf5 b4 55. Qc2 Qxc2+ 56. Bxc2 a3 57. bxa3 bxa3 58. Bb1 a2 59. Bxa2
Bxa2 60. Kg3 f5 61. gxf5 Kf6 62. Kf4 Bb1 63. Kg3 Kxf5 64. f4 Be4 65. Kh3 Kxf4
66. Kh4 f5 67. Kh3 Kg5 68. Kg3 Kxh5 69. Kh3 f4 70. Kh2 f3 71. Kg3 Kg5 72. Kf2
Kg4 73. Kg1 Kg3 74. Kf1 Bd3+ 75. Ke1 f2+ 0-1

[Event "CYCC U16 w"]
[Site "Calgary CAN"]
[Date "2023.07.19"]
[Round "1.47"]
[White "Koop, Alison"]
[Black "Jeweli, Rosalina"]
[Result "1-0"]
[WhiteElo "1250"]
[BlackElo "1605"]
[PlyCount "55"]
[EventDate "2023.07.19"]
[EventType "swiss"]
[EventRounds "7"]
[EventCountry "CAN"]

1. d4 c5 2. d5 Nf6 3. Nc3 g6 4. Nf3 Bg7 5. g3 O-O 6. Bg2 d6 7. O-O Bf5 8. Nh4
Bd7 9. Re1 Qc8 10. Bd2 Bh3 11. Bh1 Ng4 12. Ng2 e6 13. Nf4 Nxf2 14. Kxf2 exd5
15. Ncxd5 Bxb2 16. Ne7+ Kh8 17. Nxc8 Rxc8 18. Nxh3 Nc6 19. Rb1 Bd4+ 20. e3 Bf6
21. Bxc6 bxc6 22. c4 Re8 23. Rb7 Be7 24. Bc3+ Kg8 25. Qf3 h6 26. Rxe7 Kf8 27.
Qf6 Rxe7 28. Qh8# 1-0

[Event "CYCC U16 w"]
[Site "Calgary CAN"]
[Date "2023.07.19"]
[Round "2.43"]
[White "Ruchinskaya, Valerie"]
[Black "Surya, Dania"]
[Result "1-0"]
[WhiteElo "2068"]
[BlackElo "1461"]
[PlyCount "145"]
[EventDate "2023.07.19"]
[EventType "swiss"]
[EventRounds "7"]
[EventCountry "CAN"]

1. d4 d5 2. c4 c6 3. cxd5 cxd5 4. Bf4 Nf6 5. e3 Nc6 6. Nc3 a6 7. Rc1 Bg4 8. f3
Bh5 9. Bd3 e6 10. Nge2 Bd6 11. O-O O-O 12. Bxd6 Qxd6 13. Nf4 Bg6 14. Nxg6 hxg6
15. f4 Nb4 16. Bb1 Rfc8 17. Na4 Nd7 18. Qd2 Nc6 19. Rc3 Rc7 20. Rfc1 Rac8 21.
Bd3 Ne7 22. R1c2 b5 23. Qc1 Rxc3 24. Nxc3 Nb6 25. a4 b4 26. Nb1 Rxc2 27. Qxc2
a5 28. Nd2 Qd8 29. Nf3 Nf5 30. Kf2 Nd6 31. b3 Qc8 32. Ne5 Qxc2+ 33. Bxc2 Nb7
34. Bd3 Nc8 35. Nd7 Ncd6 36. Kf3 Kh7 37. g4 Kg8 38. h4 Kh8 39. e4 dxe4+ 40.
Bxe4 Nxe4 41. Kxe4 Nd8 42. d5 exd5+ 43. Kxd5 Ne6 44. Ke5 Nd8 45. f5 gxf5 46.
gxf5 f6+ 47. Kf4 Kg8 48. Nb6 Kf8 49. Nc4 Nc6 50. Ke4 Ke7 51. Kd5 Kd7 52. h5
Ne7+ 53. Ke4 Nc6 54. Ne3 Kd6 55. Ng4 Ke7 56. Kd5 Nb8 57. Kc5 Nd7+ 58. Kb5 Ne5
59. h6 gxh6 60. Ne3 h5 61. Kxa5 h4 62. Nd5+ Kf7 63. Nf4 Nc6+ 64. Kb5 Nd4+ 65.
Kxb4 Nxf5 66. a5 Ne7 67. a6 Nd5+ 68. Nxd5 h3 69. a7 h2 70. a8=Q h1=Q 71. Qb7+
Kf8 72. Qe7+ Kg8 73. Nxf6+ 1-0